000 00911nas a2200277 4500
001 BR9205802
003 BR-BrBNA
005 20231205094623.0
007 ta
008 230509b bl.|||p| |||| 00| 00por d
040 _aBR-BrBNA
_bpor
_cBiblioteca Nacional de Agricultura
041 _a(Pt)
072 _aF61
100 1 _aReis, M. das G.F.
100 1 _aBarros, N.F. de
100 1 _aKimmins, J.P.
245 1 _aAcumulo de nutrientes em uma sequencia de idade de Eucalyptus grandis W. Hill (ex-Maiden)plantado no cerrado, em duas areas com diferentes produtividades, em Minas Gerais
650 _aFisiologia Nutricional
650 _aAnalise Quimica
650 _aCerrado
650 _aMinas Gerais
650 _aEucalipto
773 0 _tRevista Arvore (Brazil)
_xISSN 0100-6762
_g(Jan-Jun 1987), v. 11(1) p. 1-15
_wBR9205802
909 _a202311
_bLúcia
_c55
_dLúcia Elande
942 _2AGRIS
_n0
_cANA
999 _c145711
_d145711